000 00514nmm a2200169Ia 4500
008 251105s9999||||xx |||||||||||||||||und||
020 _a1882528549
041 _aeng
100 _aSariego, Linda Maria
245 0 _aDynamic Spaces in La Diana by Jorge de Montemayor
264 _a[Washington, Estados Unidos] :
_bScripta Humanistica,
_c2009
300 _a272 páginas
490 _aLiterary Criticism
650 _aSpanish literature
856 _uhttps://public.digitaliapublishing.com/a/9130
942 _cCF
999 _c73024
_d73024